| 000 | 00540nam a22001817a 4500 | ||
|---|---|---|---|
| 005 | 20240910165420.0 | ||
| 010 | _aENG-141729 | ||
| 020 | e |
_a9788172088736 _c60.00 |
|
| 035 | _aEN-125261 | ||
| 037 | _bDBAD | ||
| 082 | _a181.45 | ||
| 245 |
_aSathya Sai Speaks/ _cBy Sri Sathya Sai Sadhana Trust |
||
| 260 |
_aPrasanthi Nilayam _bSri Sathya Sai Sadhana Trust _c2012 |
||
| 270 |
_aAnantapur District _bPrasanthi Nilayam _e515134 |
||
| 300 |
_a274p.: _c21cm (pb) _bill |
||
| 490 | _vVol 33 | ||
| 942 |
_2ddc _cEN _h181.45 _mSAT |
||
| 999 |
_c205768 _d205768 |
||